| Tag |
First Indicator |
Second Indicator |
Subfields |
| LEADER |
00000cam a2200000 4500 |
| 001 |
in00000307331 |
| 005 |
20151010143748.0 |
| 008 |
751212s1950 enka b 00000 eng d |
| 010 |
|
|
|a 50009984
|
| 035 |
|
|
|a (OCoLC)01895758
|
| 035 |
|
|
|9 ABH5755AM
|
| 040 |
|
|
|a DLC
|c FQG
|d TXA
|d UtOrBLW
|
| 049 |
|
|
|a TXAM
|c [424581]
|
| 050 |
0 |
0 |
|a QC787
|b .I6W5
|
| 082 |
0 |
|
|a 539.7
|
| 090 |
|
|
|a QC787.I6
|b W5 1950
|
| 100 |
1 |
|
|a Wilkinson, Denys Haigh.
|
| 245 |
1 |
0 |
|a Ionization chambers and counters.
|
| 264 |
|
1 |
|a Cambridge [England] :
|b University Press,
|c 1950.
|
| 300 |
|
|
|a ix, 256 pages :
|b diagrams ;
|c 23 cm.
|
| 336 |
|
|
|a text
|b txt
|2 rdacontent
|
| 337 |
|
|
|a unmediated
|b n
|2 rdamedia
|
| 338 |
|
|
|a volume
|b nc
|2 rdacarrier
|
| 490 |
1 |
|
|a Cambridge monographs on physics
|
| 500 |
|
|
|a "References"; pages 256-260.
|
| 650 |
|
0 |
|a Ionization chambers.
|
| 830 |
|
0 |
|a Cambridge monographs on physics.
|
| 999 |
|
|
|a MARS
|
| 999 |
f |
f |
|s 8a174f26-a7bc-39c1-b5a2-60480498def7
|i 79d5eafc-d1f7-3c81-afc5-49f698fbbc3e
|t 0
|
| 952 |
f |
f |
|p normal
|a Texas A&M University
|b College Station
|c Sterling C. Evans Library
|d Evans: Library Stacks
|t 0
|e QC787.I6 W5 1950
|h Library of Congress classification
|i unmediated -- volume
|m A14804649900
|
| 998 |
f |
f |
|a QC787.I6 W5 1950
|t 0
|l Evans: Library Stacks
|